lie - Nessa Barrett - Statistics

General Stats
  • This quiz has been taken 48 times
  • The average score is 173 of 217
Answer Stats
Hint Answer % Correct
I
100%
a
95%
Verse 1 The
95%
the
95%
you
95%
Chorus You
95%
lie
90%
to
90%
If
85%
if
85%
it's
85%
that
85%
your
85%
As
80%
as
80%
can
80%
can't
80%
don't
80%
for
80%
get
80%
hardest
80%
have
80%
her
80%
Is
80%
is
80%
know
80%
last
80%
Mine
80%
mine
80%
Never
80%
never
80%
on
80%
Promise
80%
you'll
80%
after
75%
cry
75%
Even
75%
heart
75%
high
75%
Life
75%
life
75%
lips
75%
long
75%
love
75%
not
75%
our
75%
pill
75%
someone
75%
still
75%
tattoos
75%
tell
75%
why?
75%
Why?
75%
you're
75%
be
70%
broke
70%
else
70%
help
70%
hold
70%
home
70%
I'll
70%
make
70%
matching
70%
meet
70%
She
70%
swallow
70%
tomorrow
70%
Bride
65%
Pre-Chorus Oh
65%
ring
65%
take
65%
God
60%
kiss
60%
knowing
60%
softly
60%
Thank
60%
together
60%
grow
55%
name
55%
old
55%
kept
45%
No matching quizzes found
Score Distribution
Percent of People with Each Score
Percentile by Number Answered
Your Score History
You have not taken this quiz